Biggest Cities in Serbia - Statistics

General Stats
  • This quiz has been taken 36 times
  • The average score is 8 of 15
Answer Stats
Population City % Correct
1,298,661 Belgrade
100%
325,551 Novi Sad
100%
178,976 Niš
89%
94,228 Subotica
71%
146,315 Kragujevac
66%
69,598 Čačak
54%
67,129 Zrenjanin
51%
71,462 Novi Pazar
49%
58,338 Leskovac
46%
57,432 Kraljevo
43%
73,401 Pančevo
43%
68,119 Kruševac
37%
56,145 Valjevo
34%
55,214 Vranje
29%
59,261 Smeredevo
9%
No matching quizzes found
Score Distribution
Percent of People with Each Score
Percentile by Number Answered
Your Score History
You have not taken this quiz